Cantinas escolares : reglamento / Ayuntamiento de Tarragona reglamento / Ayuntamiento de Tarragona
Descripción Física:
15 p. ; 21 cm
MARC
| LEADER | 00000nam a2200000Ia 4500 | ||
|---|---|---|---|
| 001 | 16147 | ||
| 008 | 160829s9999 xx 000 0 cat d | ||
| 080 | |a RF-14-10 | ||
| 110 | 1 | |a Tarragona (Catalunya). |b Ajuntament |9 55108 | |
| 245 | |a Cantinas escolares : |b reglamento / Ayuntamiento de Tarragona | ||
| 260 | |a [Tarragona] : |b (Imp. de José Pijoán), [1915?] | ||
| 300 | |a 15 p. ; |c 21 cm | ||
| 590 | |a Prové de 2971, exp. 38 | ||
| 650 | |a Menjadors escolars |x Tarragona |x Normes |9 46950 | ||
| 856 | 4 | |u https://media.diba.cat/diba/fitxers/arxiu/fulletons/bib_16147_1915_baixa.pdf |y Accés lliure | |
| 856 | 4 | |u https://media.diba.cat/diba/fitxers/arxiu/fulletons/bib_16147_1915_baixa.pdf |y Accés lliure | |
| 901 | |a Arxiu | ||
| 942 | |n 1 |2 udc | ||
| 952 | |0 0 |1 0 |4 0 |6 RF1410 |7 1 |9 53557 |a Arxiu |b Arxiu |d 2016-12-01 |l 0 |o RF-14-10 |p 16147 |r 2016-12-01 00:00:00 |w 2016-12-01 |y ARXIU | ||
| 999 | |c 57423 |d 57423 | ||
| 900 | |a bib_16147_1915_baixa.pdf | ||